A photographic guide to birds of Peninsular Malaysia and Singapore

Bibliographic Details
Main Author: DAVISON
Format: Book
Published: London : New Holland , 1996
Subjects:

MARC

LEADER 00000cam a2200000 7i4500
001 0000000168
005 20000717.0
020 0 0 |a 1853685135 
090 0 0 |a 598.29595   |b DAV 1996 
100 1 0 |a DAVISON   |h G.W.H. 
245 1 0 |a A photographic guide to birds of Peninsular Malaysia and Singapore   |c G.W.H. Davison and Chew Yen Fook 
260 0 0 |a London :   |b New Holland ,   |c 1996 
300 |a 144 p. :   |b col. ill. ;   |c 19 cm. 
500 0 0 |a Includes index 
650 0 0 |a Birds   |z Peninsular Malaysia 
650 0 0 |a Birds   |z Singapore 
999 |a 0000000970   |b Monograph   |c Open Shelf   |e Default branch